000 00933cam a2200253 i 4500
003 SA-RiAUC
005 20251031135358.0
008 251026s1974 sy g 00000 ara c
040 _aSA-RiAUC
_bara
_cSA-RiAUC
_erda
082 0 4 _a219.1
090 _a219.1
_bح ا م
100 1 _aالحامد، محمد بن محمود،
_d1910-1969
_eمؤلف.
245 1 0 _aحكم الإسلام في مصافحة المرأة الأجنبية /
_cمحمد الحامد.
246 3 0 _aمصافحة المرأة الأجنبية
250 _aالطبعة الثالثة.
264 1 _aحماة، سوريا :
_bدار الدعوة،
_c1974
300 _a24 صفحة ؛
_c15 سم
336 _aنص
_btxt
_2rdacontent
_3كتاب
337 _aبدون وسيط
_bn
_2rdamedia
338 _aمجلد
_bnc
_2rdacarrier
650 7 _aالحظر والإباحة
_2aucsh
942 _2ddc
_cBOOK
_n0
949 _aSA-JeALM
_d251026
_umohamedma123
_n1
999 _c12888
_d12888